Pokémon première génération, 2 premières lettres - Statistiques

Statistiques générales
  • Ce quiz a été pris 2 788 fois
  • Le résultat moyen est 115 sur 151
Statistiques - réponses
° Nom % Correct
27 Sabelette
97%
28 Sablaireau
97%
4 Salamèche
97%
114 Saquedeneu
97%
1 Bulbizarre
96%
6 Dracaufeu
96%
148 Draco
96%
149 Dracolosse
96%
2 Herbizarre
96%
5 Reptincel
96%
83 Canarticho
95%
58 Caninos
95%
8 Carabaffe
95%
7 Carapuce
95%
80 Flagadoss
95%
3 Florizarre
95%
36 Mélodelfe
94%
35 Mélofée
94%
132 Métamorph
94%
151 Mew
94%
150 Mewtwo
94%
21 Piafabec
94%
25 Pikachu
94%
74 Racaillou
94%
45 Rafflésia
94%
26 Raichu
94%
79 Ramoloss
94%
22 Rapasdepic
94%
19 Rattata
94%
20 Rattatac
94%
9 Tortank
94%
24 Arbok
93%
59 Arcanin
93%
144 Artikodin
93%
12 Papilusion
92%
46 Paras
92%
47 Parasect
92%
39 Rondoudou
92%
143 Ronflex
92%
18 Roucarnage
92%
16 Roucool
92%
17 Roucoups
92%
10 Chenipan
91%
69 Chétiflor
91%
11 Chrysacier
91%
52 Miaouss
90%
48 Mimitoss
90%
147 Minidraco
90%
23 Abo
89%
63 Abra
89%
14 Coconfort
89%
57 Colossinge
89%
15 Dardargnan
89%
145 Electhor
89%
101 Electrode
89%
125 Elektek
89%
75 Gravalanch
89%
40 Grodoudou
89%
76 Grolem
89%
89 Grotadmorv
89%
66 Machoc
89%
67 Machopeur
89%
68 Mackogneur
89%
129 Magicarpe
89%
126 Magmar
89%
81 Magnéti
89%
82 Magnéton
89%
13 Aspicot
88%
88 Tadmorv
88%
62 Tartard
88%
50 Taupiqueur
88%
128 Tauros
88%
140 Kabuto
87%
141 Kabutops
87%
64 Kadabra
87%
115 Kangourex
87%
146 Sulfura
83%
135 Voltali
83%
100 Voltorbe
83%
65 Alakazam
82%
56 Férosinge
80%
38 Feunard
80%
53 Persian
80%
113 Leveinard
79%
130 Léviator
79%
134 Aquali
77%
118 Poissirène
77%
119 Poissoroy
77%
77 Ponyta
77%
137 Porygon
77%
70 Boustiflor
76%
133 Evoli
75%
136 Pyroli
75%
51 Triopikeur
75%
37 Goupix
74%
71 Empiflor
73%
34 Nidoking
73%
31 Nidoqueen
73%
29 Nidoran femelle
73%
32 Nidoran mâle
73%
30 Nidorina
73%
33 Nidorino
73%
72 Tentacool
73%
73 Tentacruel
73%
61 Têtarte
73%
43 Mystherbe
71%
142 Ptéra
71%
60 Ptitard
71%
49 Aéromite
70%
78 Galopa
69%
44 Ortide
69%
139 Amonistar
67%
138 Amonita
67%
92 Fantominus
62%
103 Noadkoko
62%
102 Noeunoeuf
62%
42 Nosferalto
62%
41 Nosferapti
62%
94 Ectoplasma
59%
124 Lippoutou
58%
131 Lokhlass
57%
93 Spectrum
57%
87 Lamantine
53%
85 Dodrio
49%
84 Doduo
49%
97 Hypnomade
49%
117 Hypocéan
49%
116 Hypotrempe
49%
96 Soporifik
48%
123 Insécateur
47%
95 Onix
47%
55 Akwakwak
45%
120 Stari
44%
121 Staross
44%
91 Crustabri
43%
106 Kicklee
43%
90 Kokiyas
43%
86 Otaria
43%
54 Psykokwak
42%
107 Tygnon
42%
109 Smogo
41%
110 Smogogo
41%
127 Scarabrute
39%
122 M. Mime
37%
108 Excelangue
36%
111 Rhinocorne
36%
112 Rhinoféros
36%
99 Krabboss
35%
98 Krabby
35%
105 Ossatueur
33%
104 Osselait
33%
Aucun quiz correspondant
Distribution des résultats
% des personnes avec chaque résultat
Percentile par nombre de réponses
Votre historique - résultats
Vous n’avez pas pris ce quiz